| 000 | 00617 a2200181 4500 | ||
|---|---|---|---|
| 001 | 133639 | ||
| 003 | OSt | ||
| 005 | 20220120153958.0 | ||
| 008 | |||
| 020 | _a9788179754207 | ||
| 082 |
_a079.54 _bM31H |
||
| 100 | 1 | _aमान, आर. के. | |
| 245 | 1 |
_aहिन्दी अखबारों की भाषा _cby आर. के. मान |
|
| 260 |
_aनई दिल्ली _bअनामिका पब्लिशर्स _c2011 |
||
| 300 | _a223p. | ||
| 690 | _aहिन्दी साहित्य; हिन्दी अखबार | ||
| 942 |
_2ddc _cBK |
||
| 999 |
_c7541 _d7541 |
||